000 00617nam a22001937a 4500
003 OSt
005 20251010013000.0
008 251010b |||||||| |||| 00| 0 eng d
020 _a 978-1-4390-8625-4
040 _aDWCL-Admin lib
_cOC
082 _26th ed.
_aCirc. 351 D393t 2011
100 _aDenhardt, Robert B.
245 _aTheories of public organization/
_cRobert B. Denhardt
260 _aBoston:
_bWadsworth Cengage Learning,
_cc2011.
300 _a xiii, 240 p. ;
_c23 cm.
504 _aIncludes bibliographical references and index.
650 _a1. Public administration.
942 _2ddc
_cBK-CIRC
_kCirc.
_n0
999 _c4788
_d4788